000 00635nam a22002057a 4500
999 _c12311
_d12311
003 AR-CdUCM
008 190408b ||||| |||| 00| 0 spa d
040 _aMUNICIPALIDAD PROVINCIAL DEL CUSCO
_cBIBLIOTECA MUNICIPAL DEL CUSCO
082 _aC/ 369.32 /
_bC23 / 1929
100 _aCantilo, Jose M.
_930114
245 _aLa familia Quillano /
260 _aBuenos Aires :
_bImprenta de la universidad,
_c1929.
300 _a386 paginas ;
_c23 cm.
505 _aContenido : Novela /
650 _aLiteratura Argentina
_984
650 _aSiglo XIX
_9971
650 _aNovelas
_9218
942 _2ddc
_cLIBROS
945 _arjall
_d2019-04-08